000 00425nam a22001817a 4500
003 OSt
005 20260415124419.0
008 260415b |||||||| |||| 00| 0 eng d
020 _a9789370898905
040 _cBGL
100 _aDasgupta S.N
245 _aHistory of Indian Philosophy
260 _aNew Delhi
_bFingerprint classis
_c2026
300 _a233p
440 _vVolume-5
650 _aGeneral
942 _2ddc
_cREF
999 _c44371
_d44371